Electric machines: extracts,exples and questions,exercises (Record no. 694)

MARC details
000 -LEADER
Fixed length control field 00528nam a2200169 4500
003 - CONTROL NUMBER IDENTIFIER
Control field SEACOMEC
005 - DATE AND TIME OF LATEST TRANSACTION
Control field 20240226144533.0
008 - FIXED-LENGTH DATA ELEMENTS--GENERAL INFORMATION
Fixed length control field 240226b |||||||| |||| 00| 0 eng d
020 ## - INTERNATIONAL STANDARD BOOK NUMBER / ISBN
Price Rs.195.00
040 ## - CATALOGING SOURCE
Original cataloging agency SEACOMEC
082 ## - DEWEY DECIMAL CLASSIFICATION NUMBER
Classification number 621.31042
Book Number K96
100 ## - MAIN ENTRY--PERSONAL NAME
Personal name Kumar,K. Murugesh
245 1# - TITLE STATEMENT
Title Electric machines: extracts,exples and questions,exercises
Statement of responsibility K. Murugesh Kumar
260 ## - IMPRINT
Place of publication New Delhi
Name of publisher Vikas publishing
Date of publication 2002
650 ## - SUBJECT ADDED ENTRY--TOPICAL TERM
Topical term Technology,Generation, modification, storage, transmission of electric power
942 ## - ADDED ENTRY ELEMENTS (KOHA)
Koha item type Books
Holdings
Withdrawn status Lost status Source of classification Damaged status Not for loan Home library Current library Date acquired Total Checkouts Call number Accession number Date last seen Copy number Price effective from Koha item type
    Dewey Decimal Classification     SEACOM ENGINEERING COLLEGE SEACOM ENGINEERING COLLEGE 09/06/2006   621.31042 K96 02991 26/02/2024 5 26/02/2024 Books
    Dewey Decimal Classification     SEACOM ENGINEERING COLLEGE SEACOM ENGINEERING COLLEGE 09/06/2006   621.31042 K96 02992 26/02/2024 6 26/02/2024 Books
    Dewey Decimal Classification     SEACOM ENGINEERING COLLEGE SEACOM ENGINEERING COLLEGE 09/06/2006   621.31042 K96 02993 26/02/2024 7 26/02/2024 Books
    Dewey Decimal Classification     SEACOM ENGINEERING COLLEGE SEACOM ENGINEERING COLLEGE 09/06/2006   621.31042 K96 02994 26/02/2024 8 26/02/2024 Books
    Dewey Decimal Classification     SEACOM ENGINEERING COLLEGE SEACOM ENGINEERING COLLEGE 09/06/2006   621.31042 K96 02995 26/02/2024 9 26/02/2024 Books
© Seacom Engineering College, All rights reserved.      Powered by Koha